• 首页
  • 本馆介绍
  • 公告通知
  • 最新文献
  • 馆藏检索
  • 电子资源
  • 读者导购
  • 参考咨询
  • 我的图书馆
  • 登录
  • 详细信息显示
  • 放入我的书架
  • 预约/预借图书
  • 作者相关作品
  • 分类相关作品
  • 丛书相关作品
  • 出版社相关作品

书目信息

  • 表格格式
  • 工作单格式
  • 卡片格式
题名:
芬兰史
    
 
作者: 约翰·亨·伍里宁 著 ;武汉大学《芬兰史》翻译组 译
分册: 中册  
出版信息: 武汉   湖北  1973.9
页数: 335-626页
开本: 20cm
丛书名:
单 册:
中图分类: K531.0
科图分类:
主题词: 北欧--历史
电子资源:
ISBN:
000 00704nam0 2200229 45
001 0212170951
005 20031219104102.3
010    @dCNY2.69
091    @a11106.97
100    @a20021217d1973 km y0chiy0120 ea
101 0  @achi
105    @ayy z 000yy
200 1  @a芬兰史@AFen Lan Shi@h中册@f(美)约翰·亨·伍里宁著@F(Mei)Yue Han·Heng·Wu Li Ning Zhu@g武汉大学《芬兰史》翻译组译
210    @a武汉@c湖北@d1973.9
215    @a335-626页@d20cm
300    @a内部参考读物
606 0  @a北欧@x历史
690    @aK531.0@v3
701  0 @a约翰·亨·伍里宁@4著
712 02 @a武汉大学《芬兰史》翻译组@AWu Han Da Xue《Fen Lan Shi》Fan Yi Zu@4译
801    @aCN@bTSTC@c20021217
905    @dK531.0@e1:2@f1@b219177
    
    芬兰史.中册/(美)约翰·亨·伍里宁著/武汉大学《芬兰史》翻译组译.-武汉:湖北,1973.9
    335-626页;20cm
    内部参考读物
    
    ISBN :CNY2.69
    
●
相关链接 在E读中查询图书 在五车中查询图书 在当当中查询图书 在豆瓣中查询图书


正题名:芬兰史     索取号:K531.0/1:2         预约/预借

序号 登录号 条形码 馆藏地/架位号 状态 备注
1 0219177   001736802   第二样本阅览室/ [索取号:K531.0/1:2] 在馆    
唐山师范学院图书馆 欢迎您!
大连网信软件有限公司© 版权所有